[Event "Puhajarve rap op 23rd"]
[Site "Puhajarve"]
[Date "2023.11.25"]
[Round "16"]
[White "Schuls, Olev"]
[Black "Ehlvest, Jaan"]
[Result "0-1"]
[WhiteElo "2224"]
[BlackElo "2528"]
[PlyCount "58"]
[EventDate "2023.11.24"]
[EventType "tourn (rapid)"]
[EventRounds "33"]
[EventCountry "EST"]
[SourceTitle "CB49_2023"]
[SourceDate "2023.12.06"]
[SourceVersion "1"]
[SourceVersionDate "2023.12.06"]
[SourceQuality "1"]

1. e4 c5 2. Nf3 Nc6 3. d4 cxd4 4. Nxd4 Qb6 5. Nb3 Nf6 6. Bd3 e6 7. Qe2 d6 8. Nc3 a6 9. a4 Qc7 10. a5 Nb4 11. 0-0 Bd7 12. Be3 Be7 13. Na4 Bc6 14. Bb6 Qc8 15. f4 0-0 16. Bd4 Nd7 17. Qg4 Bf6 18. Qh3 Nxd3 19. cxd3 Bxa4 20. Rxa4 Bxd4+ 21. Rxd4 Nc5 22. Rc1 e5 23. Nxc5 exd4 24. Nb3 Qxh3 25. gxh3 Rfc8 26. Rxc8+ Rxc8 27. Nxd4 Rc1+ 28. Kf2 Rh1 29. Kg2 Rd1 0-1

[Event "Viljandi Valgmae Memorial"]
[Site "Viljandi"]
[Date "2023.07.01"]
[Round "6"]
[White "Kanep, Meelis"]
[Black "Schuls, Olev"]
[Result "1-0"]
[WhiteElo "2405"]
[BlackElo "2224"]
[PlyCount "73"]
[EventDate "2023.07.01"]
[EventType "swiss (rapid)"]
[EventRounds "9"]
[EventCountry "EST"]
[SourceTitle "CBM 215 Extra"]
[Source "ChessBase"]
[SourceDate "2023.09.30"]
[SourceVersion "1"]
[SourceVersionDate "2023.09.30"]
[SourceQuality "1"]

1. d4 Nf6 2. Bg5 c5 3. d5 d6 4. Nc3 Nbd7 5. e4 a6 6. a4 b6 7. f4 h6 8. Bxf6 exf6 9. Nf3 g6 10. Bd3 h5 11. 0-0 Bh6 12. f5 Be3+ 13. Kh1 g5 14. Qe1 Bf4 15. Ne2 Be5 16. c3 h4 17. Rc1 Kf8 18. b4 Qc7 19. Rd1 Qa7 20. Bb1 Bb7 21. Nc1 Kg7 22. Nd3 Rae8 23. Qd2 g4 24. Nfxe5 Nxe5 25. Nxe5 Rxe5 26. Rf4 g3 27. bxc5 bxc5 28. hxg3 hxg3+ 29. Kg1 Bc8 30. Qe3 Bd7 31. Qxg3+ Kf8 32. Bc2 Qb6 33. Rb1 Qa5 34. Rb8+ Re8 35. Rb7 Bxa4 36. Rg4 Re7 37. Qxd6 1-0

[Event "Tallin Keres Memorial Rapid 32nd"]
[Site "Tallinn"]
[Date "2023.01.08"]
[Round "9"]
[White "Chukavin, Kirill"]
[Black "Schuls, Olev"]
[Result "1-0"]
[WhiteElo "2371"]
[BlackElo "2224"]
[PlyCount "89"]
[EventDate "2023.01.07"]
[EventType "swiss (rapid)"]
[EventRounds "11"]
[EventCountry "EST"]
[SourceTitle "CBM 212 Extra"]
[Source "ChessBase"]
[SourceDate "2023.03.31"]
[SourceVersion "1"]
[SourceVersionDate "2023.03.31"]
[SourceQuality "1"]

1. e4 c5 2. Nf3 Nc6 3. Nc3 d6 4. d4 cxd4 5. Nxd4 Nf6 6. g3 e5 7. Nde2 h6 8. Bg2 Be7 9. 0-0 Be6 10. h3 0-0 11. Be3 Re8 12. Qd2 Qa5 13. Nc1 a6 14. Nb3 Qc7 15. Nd5 Bxd5 16. exd5 Nb8 17. a4 a5 18. Nc1 Rc8 19. Ne2 Qxc2 20. Rfc1 Qf5 21. Rxc8+ Qxc8 22. Rc1 Qd8 23. Nc3 Na6 24. Nb5 Nd7 25. Be4 Ndc5 26. Bb1 b6 27. Qc2 e4 28. Qd1 f5 29. Nd4 Qd7 30. Qh5 Rf8 31. Ba2 Nb4 32. Bc4 Nbd3 33. Bb5 Qd8 34. Nxf5 Rxf5 35. Qxf5 Nxc1 36. Bxc1 Bg5 37. Bxg5 Qxg5 38. Qc8+ Kh7 39. h4 Qxd5 40. Be8 Qe5 41. h5 g5 42. hxg6+ Kg7 43. Qc7+ Kf6 44. Qf7+ Kg5 45. g7 1-0

[Event "Tallin Keres Memorial Rapid 32nd"]
[Site "Tallinn"]
[Date "2023.01.07"]
[Round "5"]
[White "Bernadskiy, Vitaliy"]
[Black "Schuls, Olev"]
[Result "1-0"]
[WhiteElo "2609"]
[BlackElo "2224"]
[PlyCount "85"]
[EventDate "2023.01.07"]
[EventType "swiss (rapid)"]
[EventRounds "11"]
[EventCountry "EST"]
[SourceTitle "CBM 212 Extra"]
[Source "ChessBase"]
[SourceDate "2023.03.31"]
[SourceVersion "1"]
[SourceVersionDate "2023.03.31"]
[SourceQuality "1"]

1. e4 c5 2. Nf3 Nc6 3. Bb5 e6 4. 0-0 Nge7 5. Re1 a6 6. Bf1 d5 7. exd5 Nxd5 8. d4 Nf6 9. Be3 cxd4 10. Nxd4 Nxd4 11. Bxd4 Be7 12. c4 0-0 13. Nc3 Bd7 14. Qe2 Bc6 15. Red1 Qa5 16. a3 Qf5 17. b4 Rfd8 18. h3 Ne4 19. Nxe4 Qxe4 20. Qxe4 Bxe4 21. Bb6 Rxd1 22. Rxd1 Bc6 23. g4 Kf8 24. Bg2 Bxg2 25. Kxg2 Ke8 26. Kf3 Rc8 27. c5 Bd8 28. Rxd8+ Rxd8 29. Bxd8 Kxd8 30. a4 Kd7 31. Ke4 Kc6 32. Kd4 f6 33. h4 h5 34. gxh5 Kc7 35. b5 axb5 36. axb5 Kd7 37. Ke4 Ke7 38. Kf4 Kd7 39. Kg4 Ke7 40. h6 gxh6 41. Kh5 e5 42. Kxh6 Ke6 43. Kg6 1-0

[Event "Tallin Keres Memorial Rapid 32nd"]
[Site "Tallinn"]
[Date "2023.01.07"]
[Round "2"]
[White "Schuls, Olev"]
[Black "Kuzubov, Yuriy"]
[Result "0-1"]
[WhiteElo "2224"]
[BlackElo "2618"]
[PlyCount "78"]
[EventDate "2023.01.07"]
[EventType "swiss (rapid)"]
[EventRounds "11"]
[EventCountry "EST"]
[SourceTitle "CBM 212 Extra"]
[Source "ChessBase"]
[SourceDate "2023.03.31"]
[SourceVersion "1"]
[SourceVersionDate "2023.03.31"]
[SourceQuality "1"]

1. e4 e5 2. Nf3 Nf6 3. Bc4 Nxe4 4. Nc3 Nd6 5. Bb3 Be7 6. Nxe5 Nc6 7. d4 0-0 8. 0-0 Na5 9. Re1 Nxb3 10. axb3 Nf5 11. Nd5 d6 12. Nf3 c6 13. Nxe7+ Nxe7 14. h3 Ng6 15. Qd3 Qd7 16. Bd2 Qf5 17. Qxf5 Bxf5 18. c3 Be6 19. b4 Bd5 20. Nh2 f5 21. g3 f4 22. Bxf4 Nxf4 23. gxf4 Rxf4 24. Re7 Raf8 25. f3 Bxf3 26. Nxf3 Rxf3 27. Rxa7 Rf1+ 28. Kg2 R8f2+ 29. Kg3 Rf3+ 30. Kg2 R3f2+ 31. Kg3 h5 32. Raxb7 h4+ 33. Kxh4 Rg1 34. Re8+ Kh7 35. Re4 Kh6 36. Rg4 g5+ 37. Rxg5 Rxg5 38. Rh7+ Kxh7 39. Kxg5 Kg7 0-1

[Event "Puhajarve Rapid op 21st"]
[Site "Puhajarve"]
[Date "2021.11.27"]
[Round "22"]
[White "Schuls, Olev"]
[Black "Morozevich, Alexander"]
[Result "0-1"]
[WhiteElo "2224"]
[BlackElo "2659"]
[PlyCount "60"]
[EventDate "2021.11.26"]
[EventType "tourn (rapid)"]
[EventRounds "37"]
[EventCountry "EST"]
[SourceTitle "CBM 205 Extra"]
[Source "ChessBase"]
[SourceDate "2022.01.31"]
[SourceVersion "1"]
[SourceVersionDate "2022.01.31"]
[SourceQuality "1"]

1. e4 e6 2. Nf3 d5 3. e5 c5 4. b4 d4 5. bxc5 Bxc5 6. Bd3 Nc6 7. 0-0 Nge7 8. Re1 Nb4 9. a4 Nxd3 10. cxd3 a5 11. Ba3 Bb4 12. Qe2 Nc6 13. Qe4 0-0 14. Rc1 f5 15. exf6 Qxf6 16. Bb2 e5 17. Na3 Bf5 18. Qe2 Bg4 19. Nc4 Bxf3 20. Qxf3 Qxf3 21. gxf3 Rxf3 22. Re1 Rxd3 23. Nxe5 Rxd2 24. Ba3 Re8 25. Bxb4 axb4 26. Nc4 Rxe1+ 27. Rxe1 Rc2 28. Nd6 h6 29. Nxb7 b3 30. Rb1 d3 0-1

[Event "Puhajarve Rapid op 21st"]
[Site "Puhajarve"]
[Date "2021.11.26"]
[Round "9"]
[White "Kanep, Meelis"]
[Black "Schuls, Olev"]
[Result "1-0"]
[WhiteElo "2433"]
[BlackElo "2224"]
[PlyCount "41"]
[EventDate "2021.11.26"]
[EventType "tourn (rapid)"]
[EventRounds "37"]
[EventCountry "EST"]
[SourceTitle "CBM 205 Extra"]
[Source "ChessBase"]
[SourceDate "2022.01.31"]
[SourceVersion "1"]
[SourceVersionDate "2022.01.31"]
[SourceQuality "1"]

1. d4 Nf6 2. Bg5 c5 3. d5 e5 4. dxe6 dxe6 5. Qxd8+ Kxd8 6. Nc3 Bd7 7. 0-0-0 Kc8 8. Nf3 Nc6 9. e4 Ng4 10. Bh4 f6 11. h3 Nge5 12. Nxe5 Nxe5 13. f4 Nc6 14. g4 Be7 15. Bg3 Nd4 16. Ne2 Nxe2+ 17. Bxe2 Bc6 18. Bc4 Bd7 19. Rd2 b5 20. Rhd1 Rd8 21. Rxd7 1-0

[Event "Puhajarve Rapid op 21st"]
[Site "Puhajarve"]
[Date "2021.11.26"]
[Round "1"]
[White "Schuls, Olev"]
[Black "Malisauskas, Vidmantas"]
[Result "0-1"]
[WhiteElo "2224"]
[BlackElo "2385"]
[PlyCount "92"]
[EventDate "2021.11.26"]
[EventType "tourn (rapid)"]
[EventRounds "37"]
[EventCountry "EST"]
[SourceTitle "CBM 205 Extra"]
[Source "ChessBase"]
[SourceDate "2022.01.31"]
[SourceVersion "1"]
[SourceVersionDate "2022.01.31"]
[SourceQuality "1"]

1. e4 c6 2. d4 d5 3. Nd2 dxe4 4. Nxe4 Nd7 5. Ng5 e6 6. Bd3 Ngf6 7. N1f3 Bd6 8. Qe2 h6 9. Ne4 Nxe4 10. Qxe4 Nf6 11. Qe2 Qc7 12. Bd2 b6 13. 0-0-0 Bb7 14. Ne5 0-0-0 15. f4 c5 16. dxc5 Bxc5 17. Rhe1 Bd4 18. g3 Bxe5 19. fxe5 Nd7 20. Kb1 Nc5 21. Bb4 Rd4 22. Bc3 Rd7 23. Bb5 Rxd1+ 24. Rxd1 Rd8 25. Rd6 Ne4 26. Rxd8+ Qxd8 27. Qc4+ Kb8 28. Qd4 Nxc3+ 29. bxc3 Qc7 30. Kb2 a6 31. Bd3 Ka7 32. Be4 Bxe4 33. Qxe4 Qd7 34. Qd3 Qb5+ 35. Qxb5 axb5 36. Kb3 f5 37. c4 Ka6 38. Kb4 bxc4 39. Kxc4 Ka5 40. c3 g5 41. h3 Ka4 42. h4 gxh4 43. gxh4 h5 44. a3 Kxa3 45. Kb5 Kb3 46. c4 f4 0-1

[Event "Puhajarve rap op 20th"]
[Site "Puhajarve"]
[Date "2019.12.01"]
[Round "29"]
[White "Schuls, Olev"]
[Black "Sirosh, Ilja"]
[Result "1/2-1/2"]
[WhiteElo "2224"]
[BlackElo "2390"]
[PlyCount "125"]
[EventDate "2019.11.29"]
[EventType "tourn (rapid)"]
[EventRounds "35"]
[EventCountry "EST"]
[SourceTitle "CBM 193 Extra"]
[Source "ChessBase"]
[SourceDate "2020.01.31"]
[SourceVersion "1"]
[SourceVersionDate "2020.01.31"]
[SourceQuality "1"]

1. e4 e5 2. Nf3 Nc6 3. Bc4 Bc5 4. c3 Nf6 5. d3 0-0 6. Bb3 d5 7. Nbd2 a5 8. h3 Re8 9. 0-0 h6 10. Re1 Be6 11. Ba4 dxe4 12. dxe4 Nd7 13. Qe2 Qf6 14. Nf1 Nb6 15. Bb5 a4 16. Be3 Bd6 17. Ng3 Red8 18. Nh2 Na5 19. Bxb6 cxb6 20. Bxa4 Bc5 21. Ng4 Qf4 22. Ne3 Bxe3 23. Qxe3 Nc4 24. Qxf4 exf4 25. Ne2 f3 26. gxf3 Nd2 27. Red1 Rxa4 28. Nd4 Rdxd4 29. cxd4 Nxf3+ 30. Kg2 Nxd4 31. b3 Rb4 32. a3 Rxb3 33. Rxd4 g5 34. Rb4 Rxh3 35. Rxb6 Rh4 36. Rb4 Rg4+ 37. Kf1 Rf4 38. Ke1 h5 39. e5 Rf5 40. Rb5 f6 41. Rxb7 Rxe5+ 42. Kd2 Bf7 43. Rc1 Rd5+ 44. Ke2 Rd8 45. Rcc7 Rf8 46. a4 h4 47. a5 h3 48. Rb1 Re8+ 49. Kd2 Ra8 50. Rc5 Kg7 51. Rh1 Be6 52. Rh2 Kg6 53. Kc3 Rd8 54. Kb4 Rd4+ 55. Rc4 Rxc4+ 56. Kb5 Rc3 57. f4 gxf4 58. a6 Ra3 59. Kb6 Bc4 60. a7 Ra6+ 61. Kb7 Ra3 62. Rh1 Bd5+ 63. Kb6 1/2-1/2

[Event "Keres Memorial rap 28th"]
[Site "Tallinn"]
[Date "2019.01.12"]
[Round "7"]
[White "Schuls, Olev"]
[Black "Fridman, Daniel"]
[Result "0-1"]
[WhiteElo "2224"]
[BlackElo "2631"]
[PlyCount "48"]
[EventDate "2019.01.12"]
[EventType "swiss (rapid)"]
[EventRounds "11"]
[EventCountry "EST"]
[SourceTitle "CBM 188 Extra"]
[Source "ChessBase"]
[SourceDate "2019.02.26"]
[SourceVersion "1"]
[SourceVersionDate "2019.02.26"]
[SourceQuality "1"]

1. e4 c6 2. d4 d5 3. Nd2 dxe4 4. Nxe4 Bf5 5. Ng3 Bg6 6. Nh3 e6 7. Nf4 Qh4 8. c3 Nf6 9. Bd3 Bd6 10. Qf3 Nbd7 11. Nxg6 hxg6 12. Ne4 Nxe4 13. Qxe4 Qe7 14. g3 0-0-0 15. Be3 e5 16. dxe5 Nxe5 17. Be2 Bc5 18. Rd1 Rxd1+ 19. Kxd1 f5 20. Qf4 Nd7 21. Bf3 Bxe3 22. fxe3 Qe6 23. b3 Ne5 24. Kc2 g5 0-1

[Event "Puhajarve rap op 19th"]
[Site "Puhajarve"]
[Date "2018.11.25"]
[Round "35"]
[White "Seeman, Tarvo"]
[Black "Schuls, Olev"]
[Result "0-1"]
[WhiteElo "2403"]
[BlackElo "2224"]
[PlyCount "94"]
[EventDate "2018.11.23"]
[EventType "tourn (rapid)"]
[EventRounds "35"]
[EventCountry "EST"]
[SourceTitle "CBM 187 Extra"]
[Source "ChessBase"]
[SourceDate "2018.11.04"]
[SourceVersion "1"]
[SourceVersionDate "2018.11.04"]
[SourceQuality "1"]

1. Nf3 Nf6 2. g3 b5 3. Na3 a6 4. Bg2 Bb7 5. c4 b4 6. Nc2 c5 7. 0-0 Qc7 8. d4 cxd4 9. Ncxd4 d6 10. b3 Nbd7 11. a3 bxa3 12. Bxa3 g6 13. b4 Bg7 14. c5 dxc5 15. bxc5 Be4 16. c6 Nb6 17. Rc1 0-0 18. Qb3 Rab8 19. Qa2 Bd5 20. Qc2 Rfc8 21. Ng5 h6 22. Bxd5 Nbxd5 23. Ngf3 e5 24. Nb3 e4 25. Nfd4 e3 26. f3 Nb4 27. Bxb4 Rxb4 28. Rfd1 a5 29. Qc5 Nh5 30. Qxa5 Qxa5 31. Nxa5 Rxd4 32. Rxd4 Bxd4 33. Nb7 Be5 34. f4 Bc7 35. Kg2 Nf6 36. Kf3 Nd5 37. Rc5 Ne7 38. g4 Kf8 39. h4 Bb6 40. Rb5 Rxc6 41. h5 Rf6 42. hxg6 fxg6 43. Nc5 Bxc5 44. Rxc5 Re6 45. Rc3 Nd5 46. Rd3 Nf6 47. g5 hxg5 0-1

[Event "Puhajarve rap op 19th"]
[Site "Puhajarve"]
[Date "2018.11.24"]
[Round "13"]
[White "Khalifman, Alexander"]
[Black "Schuls, Olev"]
[Result "1-0"]
[WhiteElo "2617"]
[BlackElo "2224"]
[PlyCount "55"]
[EventDate "2018.11.23"]
[EventType "tourn (rapid)"]
[EventRounds "35"]
[EventCountry "EST"]
[SourceTitle "CBM 187 Extra"]
[Source "ChessBase"]
[SourceDate "2018.11.04"]
[SourceVersion "1"]
[SourceVersionDate "2018.11.04"]
[SourceQuality "1"]

1. d4 Nf6 2. Nf3 b5 3. Bg5 Ne4 4. Bh4 a6 5. Nbd2 Bb7 6. Nxe4 Bxe4 7. e3 d6 8. Bd3 Bxd3 9. Qxd3 Nd7 10. a4 c6 11. 0-0 Qc7 12. axb5 cxb5 13. Rfc1 d5 14. b3 Nb6 15. e4 Qb7 16. exd5 Nxd5 17. c4 Nb4 18. Qe2 e6 19. cxb5 Bd6 20. bxa6 Rxa6 21. Rxa6 Nxa6 22. d5 0-0 23. dxe6 Nc5 24. Rd1 Be7 25. exf7+ Rxf7 26. Bxe7 Rxe7 27. Qc4+ Ne6 28. Ng5 1-0

[Event "Puhajarve rap op 19th"]
[Site "Puhajarve"]
[Date "2018.11.24"]
[Round "26"]
[White "Schuls, Olev"]
[Black "Reizniece Ozola, Dana"]
[Result "0-1"]
[WhiteElo "2224"]
[BlackElo "2312"]
[PlyCount "76"]
[EventDate "2018.11.23"]
[EventType "tourn (rapid)"]
[EventRounds "35"]
[EventCountry "EST"]
[SourceTitle "CBM 187 Extra"]
[Source "ChessBase"]
[SourceDate "2018.11.04"]
[SourceVersion "1"]
[SourceVersionDate "2018.11.04"]
[SourceQuality "1"]

1. e4 g6 2. d4 d6 3. Nc3 Bg7 4. h3 a6 5. a4 b6 6. Nf3 Bb7 7. Be3 Nd7 8. Qd2 c5 9. d5 Ngf6 10. Bc4 0-0 11. 0-0 Re8 12. Rfe1 Qc7 13. Bh6 Bh8 14. Qg5 Ne5 15. Nxe5 dxe5 16. Rad1 Rad8 17. Qe3 Nh5 18. Qe2 Bg7 19. Be3 h6 20. Bxa6 Bxa6 21. Qxa6 Nf4 22. Nb5 Qb8 23. f3 Rd7 24. b4 cxb4 25. Bxb6 Rc8 26. Rd2 Bf6 27. Be3 Bg5 28. Na7 Nxh3+ 29. gxh3 Bxe3+ 30. Rxe3 Rxa7 31. Qd3 Rxa4 32. d6 exd6 33. Qxd6 Qxd6 34. Rxd6 Rxc2 35. Rd1 Raa2 36. Rb3 Rg2+ 37. Kh1 Rh2+ 38. Kg1 Rxh3 0-1

[Event "Puhajarve rap op 19th"]
[Site "Puhajarve"]
[Date "2018.11.23"]
[Round "5"]
[White "Meskovs, Nikita"]
[Black "Schuls, Olev"]
[Result "1-0"]
[WhiteElo "2539"]
[BlackElo "2224"]
[PlyCount "105"]
[EventDate "2018.11.23"]
[EventType "tourn (rapid)"]
[EventRounds "35"]
[EventCountry "EST"]
[SourceTitle "CBM 187 Extra"]
[Source "ChessBase"]
[SourceDate "2018.11.04"]
[SourceVersion "1"]
[SourceVersionDate "2018.11.04"]
[SourceQuality "1"]

1. d4 Nf6 2. Nf3 b5 3. e3 a6 4. a4 b4 5. a5 e6 6. Nbd2 d5 7. c4 c5 8. dxc5 Bxc5 9. Nb3 Be7 10. cxd5 Qxd5 11. Qxd5 Nxd5 12. Bd2 Nd7 13. Rc1 Bb7 14. Nfd4 0-0 15. e4 N5f6 16. f3 Rac8 17. Be2 Rxc1+ 18. Bxc1 Rc8 19. Bd2 g6 20. Kf2 e5 21. Nb5 axb5 22. Bxb5 Rc2 23. a6 Ba8 24. Ke2 Nc5 25. Nxc5 Rxc5 26. Bd3 Rc7 27. Ra1 Nd7 28. Ra5 Bc5 29. b3 f6 30. Bb5 Be7 31. Bc4+ Kf8 32. Bd5 Bxd5 33. exd5 Ra7 34. Be3 Ra8 35. a7 Ke8 36. Kd3 Kd8 37. Kc4 Kc7 38. Ra6 Kb7 39. Kb5 Rc8 40. Rc6 Ra8 41. g4 h5 42. h3 hxg4 43. hxg4 f5 44. Rxg6 f4 45. Bf2 Bf8 46. g5 Re8 47. Re6 Rc8 48. Rc6 Re8 49. d6 Rd8 50. Rc7+ Ka8 51. Kc6 Nb6 52. Bxb6 Rxd6+ 53. Kb5 1-0

[Event "Puhajarve rap op 19th"]
[Site "Puhajarve"]
[Date "2018.11.23"]
[Round "3"]
[White "Ozols, Andris"]
[Black "Schuls, Olev"]
[Result "0-1"]
[WhiteElo "1643"]
[BlackElo "2224"]
[PlyCount "54"]
[EventDate "2018.11.23"]
[EventType "tourn (rapid)"]
[EventRounds "35"]
[EventCountry "EST"]
[SourceTitle "CBM 187 Extra"]
[Source "ChessBase"]
[SourceDate "2018.11.04"]
[SourceVersion "1"]
[SourceVersionDate "2018.11.04"]
[SourceQuality "1"]

1. e4 c5 2. Nf3 Nc6 3. d4 cxd4 4. Nxd4 Nf6 5. Nc3 d6 6. Be3 e5 7. Nxc6 bxc6 8. Be2 Be7 9. 0-0 0-0 10. h3 Qc7 11. f4 Rb8 12. Qc1 Re8 13. fxe5 dxe5 14. Bg5 Be6 15. Qe1 Rxb2 16. Rd1 Rxc2 17. Bxf6 gxf6 18. Bd3 Rb2 19. Qg3+ Kh8 20. Qh4 Rg8 21. Ne2 f5 22. Qh6 f4 23. Rf3 Rg6 24. Qh5 c5 25. Rdf1 c4 26. Nxf4 exf4 27. Bb1 Rgxg2+ 0-1

[Event "Puhajarve rap op 19th"]
[Site "Puhajarve"]
[Date "2018.11.23"]
[Round "7"]
[White "Sepp, Olav"]
[Black "Schuls, Olev"]
[Result "1-0"]
[WhiteElo "2432"]
[BlackElo "2224"]
[PlyCount "133"]
[EventDate "2018.11.23"]
[EventType "tourn (rapid)"]
[EventRounds "35"]
[EventCountry "EST"]
[SourceTitle "CBM 187 Extra"]
[Source "ChessBase"]
[SourceDate "2018.11.04"]
[SourceVersion "1"]
[SourceVersionDate "2018.11.04"]
[SourceQuality "1"]

1. Nf3 Nf6 2. g3 b5 3. Bg2 Bb7 4. Na3 a6 5. c4 b4 6. Nc2 c5 7. 0-0 e6 8. d4 cxd4 9. Ncxd4 Be7 10. a3 0-0 11. axb4 Bxb4 12. Qb3 a5 13. Bd2 Qb6 14. Bxb4 axb4 15. Rxa8 Bxa8 16. Ra1 Nc6 17. e3 h6 18. Ra4 Rb8 19. Qa2 Bb7 20. Nb3 d5 21. c5 Qc7 22. Nfd4 e5 23. Nb5 Qd7 24. Nd6 Ne8 25. Nxb7 Rxb7 26. Ra8 Kh7 27. Qb1+ g6 28. Qd3 Nf6 29. h3 e4 30. Qa6 Kg7 31. Nd4 Nxd4 32. exd4 Qe7 33. Kh2 h5 34. Qc6 h4 35. g4 g5 36. Ra6 Ra7 37. Rxa7 Qxa7 38. Qd6 Qd7 39. Qe5 Kg6 40. Bf1 Ne8 41. Be2 f6 42. Qb8 Qc7+ 43. Qxc7 Nxc7 44. Kg2 Kf7 45. f3 exf3+ 46. Kxf3 Ke6 47. Bd3 Kd7 48. Bf5+ Kc6 49. Ke3 Kb5 50. Kd3 Ka4 51. Kc2 b3+ 52. Kd3 Kb4 53. Bd7 Nb5 54. Bxb5 Kxb5 55. Kc3 Kc6 56. Kxb3 f5 57. gxf5 g4 58. f6 gxh3 59. f7 h2 60. f8Q h1Q 61. Qd6+ Kb7 62. Qb6+ Kc8 63. c6 Qf3+ 64. Kb4 Qg4 65. Kc5 Qf5 66. Qb7+ Kd8 67. c7+ 1-0

[Event "Keres Memorial rap 27th"]
[Site "Tallinn"]
[Date "2018.01.13"]
[Round "2"]
[White "Potkin, Vladimir"]
[Black "Schuls, Olev"]
[Result "1-0"]
[WhiteElo "2574"]
[BlackElo "2224"]
[PlyCount "57"]
[EventDate "2018.01.13"]
[EventType "swiss (rapid)"]
[EventRounds "11"]
[EventCountry "EST"]
[SourceTitle "CBM 182 Extra"]
[Source "ChessBase"]
[SourceDate "2018.02.23"]
[SourceVersion "1"]
[SourceVersionDate "2018.02.23"]
[SourceQuality "1"]

1. c4 c5 2. Nf3 Nc6 3. Nc3 Nf6 4. e3 g6 5. d4 d6 6. Be2 Bg7 7. 0-0 0-0 8. h3 a6 9. Re1 Rb8 10. d5 Na5 11. e4 Nd7 12. Qc2 Ne5 13. Nxe5 Bxe5 14. Bh6 Re8 15. Rad1 Bd7 16. f4 Bh8 17. Bd3 e5 18. dxe6 Bxe6 19. Bg5 f6 20. Bh4 Nc6 21. e5 Nd4 22. Qf2 dxe5 23. fxe5 g5 24. exf6 gxh4 25. Qxh4 Nf3+ 26. gxf3 Qd4+ 27. Qxd4 cxd4 28. Ne4 Bf5 29. f7+ 1-0

[Event "Puhajarve rap op 18th"]
[Site "Puhajarve"]
[Date "2017.11.25"]
[Round "19"]
[White "Schuls, Olev"]
[Black "Kulaots, Kaido"]
[Result "0-1"]
[WhiteElo "2224"]
[BlackElo "2562"]
[PlyCount "50"]
[EventDate "2017.11.24"]
[EventType "tourn (rapid)"]
[EventRounds "35"]
[EventCountry "EST"]
[SourceTitle "CBM 181 Extra"]
[Source "ChessBase"]
[SourceDate "2017.12.12"]
[SourceVersion "1"]
[SourceVersionDate "2017.12.12"]
[SourceQuality "1"]

1. e4 c5 2. Nf3 Nc6 3. d4 cxd4 4. Nxd4 g6 5. Be2 Bg7 6. Nb3 Nf6 7. Nc3 0-0 8. 0-0 d6 9. Kh1 a6 10. a4 Be6 11. f4 Na5 12. Nd4 Bc4 13. Be3 Rc8 14. Bd3 e5 15. Nde2 d5 16. fxe5 Nxe4 17. Bxe4 dxe4 18. Qxd8 Rfxd8 19. Bb6 Bxe2 20. Nxe2 Rd2 21. Nc3 Nc4 22. a5 e3 23. Ne4 Bxe5 24. Bxe3 Re2 25. Rae1 Rxe3 0-1

[Event "Puhajarve rap op 18th"]
[Site "Puhajarve"]
[Date "2017.11.25"]
[Round "13"]
[White "Schuls, Olev"]
[Black "Puusepp, Kaimar"]
[Result "1/2-1/2"]
[WhiteElo "2224"]
[BlackElo "2021"]
[PlyCount "90"]
[EventDate "2017.11.24"]
[EventType "tourn (rapid)"]
[EventRounds "35"]
[EventCountry "EST"]
[SourceTitle "CBM 181 Extra"]
[Source "ChessBase"]
[SourceDate "2017.12.12"]
[SourceVersion "1"]
[SourceVersionDate "2017.12.12"]
[SourceQuality "1"]

1. e4 g6 2. d4 Bg7 3. Nc3 c6 4. Nf3 d6 5. a4 Nf6 6. h3 0-0 7. Be3 Qc7 8. Bc4 e5 9. dxe5 dxe5 10. 0-0 a5 11. Bc5 Rd8 12. Qe2 Na6 13. Be3 Nb4 14. Rfd1 Bd7 15. Rd2 Nh5 16. Ng5 Be8 17. Rad1 Rxd2 18. Qxd2 Bf6 19. g3 Rd8 20. Qe2 Rxd1+ 21. Qxd1 Qd8 22. Qxd8 Bxd8 23. Bb3 Nf6 24. f4 Bc7 25. Kg2 Kg7 26. Nf3 exf4 27. gxf4 Nh5 28. e5 Bd7 29. Ne2 Kf8 30. Ne1 Ng7 31. c3 Nd5 32. Bxd5 cxd5 33. Bc5+ Ke8 34. Nd4 Bxa4 35. Nef3 h6 36. b3 Bd7 37. Ng1 Ne6 38. Nxe6 Bxe6 39. Nf3 Kd7 40. Bf8 h5 41. Kg3 b5 42. Nd4 a4 43. bxa4 bxa4 44. Bb4 Bb6 45. h4 Kd8 1/2-1/2

[Event "Puhajarve rap op 18th"]
[Site "Puhajarve"]
[Date "2017.11.24"]
[Round "2"]
[White "Schuls, Olev"]
[Black "Valgmae, Toomas"]
[Result "1-0"]
[WhiteElo "2224"]
[BlackElo "2270"]
[PlyCount "113"]
[EventDate "2017.11.24"]
[EventType "tourn (rapid)"]
[EventRounds "35"]
[EventCountry "EST"]
[SourceTitle "CBM 181 Extra"]
[Source "ChessBase"]
[SourceDate "2017.12.12"]
[SourceVersion "1"]
[SourceVersionDate "2017.12.12"]
[SourceQuality "1"]

1. e4 d6 2. d4 Nf6 3. Nc3 g6 4. h3 c5 5. Nf3 cxd4 6. Nxd4 Nc6 7. Nb3 Bg7 8. Be2 0-0 9. 0-0 Bd7 10. f4 Qb6+ 11. Kh1 Rac8 12. Bf3 Rfd8 13. Qe2 Nd4 14. Nxd4 Qxd4 15. Be3 Qb4 16. Rab1 Be6 17. a3 Qa5 18. Qf2 b6 19. Bd4 Nh5 20. Bxg7 Kxg7 21. Bxh5 Qxh5 22. f5 Bc4 23. f6+ exf6 24. Qxf6+ Kg8 25. Rf4 Qe5 26. Qh4 g5 27. Rg4 f6 28. Qf2 Kg7 29. Rd1 Be6 30. Rg3 Rc5 31. Rgd3 b5 32. R1d2 a5 33. Rd4 Rc4 34. Ne2 b4 35. axb4 axb4 36. Ng3 Rxd4 37. Rxd4 Ra8 38. Rd1 Kg6 39. b3 Ra2 40. Kh2 h5 41. Kh1 h4 42. Nf1 d5 43. exd5 Bxd5 44. Re1 Qf4 45. Qe2 Bf7 46. Qd3+ Kg7 47. Ne3 Bg6 48. Qd7+ Kh6 49. Ng4+ Kh5 50. Qg7 Qxg4 51. hxg4+ Kxg4 52. Qxg6 f5 53. Qe6 Rxc2 54. Qe3 Kh5 55. Qf3+ Kg6 56. Qd5 Kh5 57. Qxf5 1-0

[Event "Puhajarve rap op 17th"]
[Site "Puhajarve"]
[Date "2016.11.26"]
[Round "11"]
[White "Ehlvest, Jaan"]
[Black "Schuls, Olev"]
[Result "0-1"]
[WhiteElo "2532"]
[BlackElo "2224"]
[PlyCount "98"]
[EventDate "2016.11.25"]
[EventType "tourn (rapid)"]
[EventRounds "35"]
[EventCountry "EST"]
[SourceTitle "EXT 2018"]
[Source "ChessBase"]
[SourceDate "2017.10.13"]
[SourceVersion "1"]
[SourceVersionDate "2017.10.13"]
[SourceQuality "1"]

1. d4 Nf6 2. Nf3 e6 3. c4 Bb4+ 4. Nbd2 0-0 5. g3 b6 6. Bg2 Bb7 7. 0-0 Be7 8. b3 c5 9. Bb2 cxd4 10. Nxd4 Bxg2 11. Kxg2 Qc7 12. e3 a6 13. Qf3 Nc6 14. Nxc6 dxc6 15. Rad1 Rfd8 16. g4 h6 17. h4 Nh7 18. Rh1 Rd7 19. Ne4 Rxd1 20. Qxd1 f5 21. Ng3 Bf6 22. Bxf6 Nxf6 23. gxf5 exf5 24. Qf3 f4 25. exf4 Rd8 26. Re1 c5 27. Nf5 Re8 28. Rxe8+ Nxe8 29. Qd5+ Kh8 30. Qe5 Qf7 31. Ne3 Qg6+ 32. Kf3 Nf6 33. Nd5 Qg4+ 34. Ke3 Qxh4 35. Qb8+ Kh7 36. Qxb6 Qh3+ 37. f3 Qf1 38. Nxf6+ gxf6 39. Qxf6 Qe1+ 40. Kd3 Qb1+ 41. Kd2 Qxa2+ 42. Ke3 Qxb3+ 43. Kf2 Qxc4 44. Kg3 Qg8+ 45. Kf2 Qd5 46. Qxa6 Qd4+ 47. Kg3 c4 48. Qb7+ Qg7+ 49. Qxg7+ Kxg7 0-1